Mecánica de fluidos / (Registro nro. 28097)

Detalles MARC
000 -LEADER
campo de control de longitud fija 02629cam a22006134i 4500
003 - IDENTIFICADOR DE NÚMERO DE CONTROL
campo de control PE-LiUPU
005 - FECHA Y HORA DE LA ÚLTIMA TRANSACCIÓN
campo de control 20250731180115.0
008 - DATOS DE LONGITUD FIJA--INFORMACIÓN GENERAL
campo de control de longitud fija 150529s2008 sp a rb 001 0 spa d
020 ## - NÚMERO INTERNACIONAL ESTÁNDAR DEL LIBRO
Número Internacional Estándar del Libro 9788448166038
035 ## - NÚMERO DE CONTROL DEL SISTEMA
Número de control de sistema (Sirsi) i9788448166038
040 ## - FUENTE DE CATALOGACIÓN
Centro catalogador/agencia de origen PE-LiUPU
Lengua de catalogación spa
Centro/agencia transcriptor PE-LiUPU
Normas de descripción rda
041 1# - CÓDIGO DE IDIOMA
Código de lengua del texto/banda sonora o título independiente spa
Código de lengua original eng
049 ## - FONDOS LOCALES (OCLC)
Biblioteca depositaria PRUA
082 04 - NÚMERO DE LA CLASIFICACIÓN DECIMAL DEWEY
Número de clasificación 532
Cutter W62
Número de edición 20
100 1# - ENTRADA PRINCIPAL--NOMBRE DE PERSONA
Nombre de persona White, Frank M.,
Término indicativo de función/relación autor.
245 10 - MENCIÓN DEL TÍTULO
Título Mecánica de fluidos /
Mención de responsabilidad, etc. Frank M. White.
250 ## - MENCION DE EDICION
Mención de edición Sexta edición.
264 #1 - PRODUCCIÓN, PUBLICACIÓN, DISTRIBUCIÓN, FABRICACIÓN Y COPYRIGHT
Producción, publicación, distribución, fabricación y copyright Madrid :
Nombre del de productor, editor, distribuidor, fabricante McGraw-Hill,
Fecha de producción, publicación, distribución, fabricación o copyright [2008].
300 ## - DESCRIPCIÓN FÍSICA
Extensión xvi, 864 páginas :
Otras características físicas ilustraciones ;
Dimensiones 25 centímetros
336 ## - TIPO DE CONTENIDO
Término de tipo de contenido text
Fuente rdacontent
337 ## - TIPO DE MEDIO
Nombre/término del tipo de medio unmediated
Fuente rdamedia
338 ## - TIPO DE SOPORTE
Nombre/término del tipo de soporte volume
Fuente rdacarrier
504 ## - NOTA DE BIBLIOGRAFÍA, ETC.
Nota de bibliografía, etc. Bibliografía al final de cada capítulo.
504 ## - NOTA DE BIBLIOGRAFÍA, ETC.
Nota de bibliografía, etc. Índice alfabético : 851-864.
505 0# - NOTA DE CONTENIDO CON FORMATO
Nota de contenido con formato Introducción -- Distribución de presiones en un fluido -- Relaciones integrales para un volumen de control -- Relaciones diferenciales para una partícula fluida -- Análisis dimensional y semejanza -- Flujo viscoso en conductos -- Flujo alrededor de cuerpos -- Flujo potencial y Mecánica de Fluidos Computacional -- Flujo comprensible -- Flujo de canales abiertos -- Turbomáquinas.
526 ## - NOTA DE INFORMACIÓN SOBRE EL PROGRAMA DE ESTUDIO
Nombre del programa Segunda Especialidad En Estadística Aplicada Para Investigación (A Distancia)
526 ## - NOTA DE INFORMACIÓN SOBRE EL PROGRAMA DE ESTUDIO
Nombre del programa Segunda Especialidad En Estadística Aplicada Para Investigación
526 ## - NOTA DE INFORMACIÓN SOBRE EL PROGRAMA DE ESTUDIO
Nombre del programa Odontología
526 ## - NOTA DE INFORMACIÓN SOBRE EL PROGRAMA DE ESTUDIO
Nombre del programa Tecnología Médica En Terapia Física Y Rehabilitación (A Distancia)
526 ## - NOTA DE INFORMACIÓN SOBRE EL PROGRAMA DE ESTUDIO
Nombre del programa Tecnología Médica En Terapia Física Y Rehabilitación (Semipresencial)
526 ## - NOTA DE INFORMACIÓN SOBRE EL PROGRAMA DE ESTUDIO
Nombre del programa Tecnología Médica En Laboratorio Clínico Y Anatomía Patológica
526 ## - NOTA DE INFORMACIÓN SOBRE EL PROGRAMA DE ESTUDIO
Nombre del programa Ingeniería De Ciencia De Datos E Inteligencia Artificial
526 ## - NOTA DE INFORMACIÓN SOBRE EL PROGRAMA DE ESTUDIO
Nombre del programa Ingeniería Ambiental (Semipresencial)
526 ## - NOTA DE INFORMACIÓN SOBRE EL PROGRAMA DE ESTUDIO
Nombre del programa Nutrición humana
526 ## - NOTA DE INFORMACIÓN SOBRE EL PROGRAMA DE ESTUDIO
Nombre del programa Medicina humana
526 ## - NOTA DE INFORMACIÓN SOBRE EL PROGRAMA DE ESTUDIO
Nombre del programa Ingeniería de industrias alimentarias
526 ## - NOTA DE INFORMACIÓN SOBRE EL PROGRAMA DE ESTUDIO
Nombre del programa Ingeniería civil
526 ## - NOTA DE INFORMACIÓN SOBRE EL PROGRAMA DE ESTUDIO
Nombre del programa Ingeniería ambiental
526 ## - NOTA DE INFORMACIÓN SOBRE EL PROGRAMA DE ESTUDIO
Nombre del programa Enfermería
526 ## - NOTA DE INFORMACIÓN SOBRE EL PROGRAMA DE ESTUDIO
Nombre del programa Educación secundaria, especialidad matemática e informática
526 ## - NOTA DE INFORMACIÓN SOBRE EL PROGRAMA DE ESTUDIO
Nombre del programa Educación secundaria, especialidad ambiental, biología y química
534 ## - NOTA SOBRE LA VERSIÓN ORIGINAL
Frase introductoria Título original :
Mención de título del original Fluid mechanics, sixth edition.
541 ## - NOTA DE FUENTE DE ADQUISICIÓN DIRECTA
-- 043-0014413;
596 ## -
-- 1
650 #7 - PUNTO DE ACCESO ADICIONAL DE MATERIA--TÉRMINO DE MATERIA
Término de materia o nombre geográfico como elemento de entrada Mecánica de fluidos.
Fuente del encabezamiento o término embne
650 #7 - PUNTO DE ACCESO ADICIONAL DE MATERIA--TÉRMINO DE MATERIA
Término de materia o nombre geográfico como elemento de entrada Mecánica de fluidos.
Fuente del encabezamiento o término embne
910 ## - DATOS DE OPCIÓN DEL USUARIO (OCLC)
Datos de opción del usuario cce
-- jvq
-- cce
-- 20150520
942 ## - ELEMENTOS DE ENTRADA SECUNDARIOS (KOHA)
Fuente del sistema de clasificación o colocación Clasificación Decimal Dewey
Tipo de ítem Koha
949 ## - PROCESAMIENTO DE INFORMACIÓN LOCAL (OCLC)
a 532 W62
w DEWEY
c 1
i 71071
d 2016-5-31
e 2016-5-24
l CCODEBUL1
m BUL
n 6
p 72.05
r 0
s Y
t BOOK
u 2015-5-29
x INGENIERIA
-- P25
0 COMPRA
o .STAFF. Colección General
949 ## - PROCESAMIENTO DE INFORMACIÓN LOCAL (OCLC)
a 532 W62
w DEWEY
c 2
i 71072
d 2016-6-16
e 2016-6-16
l CCODEBUL1
m BUL
n 5
p 72.05
r 0
s Y
t BOOK
u 2015-5-29
x INGENIERIA
-- P25
0 COMPRA
o .STAFF. Colección General
994 ## -
-- C0
-- PEPRU
999 ## - NÚMEROS DE CONTROL DE SISTEMA (KOHA)
-- DEWEY
-- 71071
-- 2019-9-23
-- 2021-11-9
-- 7
-- CCODEBUL1
-- BUL
-- 11
-- 72.05
-- 3
-- 0
-- Y
-- BOOK
-- 2015-5-29
-- INGENIERIA
-- P25
-- COMPRA
-- .STAFF. Colección General
999 ## - NÚMEROS DE CONTROL DE SISTEMA (KOHA)
-- DEWEY
-- 71072
-- 2018-3-7
-- 2021-11-9
-- 7
-- CCODEBUL1
-- BUL
-- 6
-- 72.05
-- 2
-- 0
-- Y
-- BOOK
-- 2015-5-29
-- INGENIERIA
-- P25
-- COMPRA
-- .STAFF. Colección General
980 ## - EQUIVALENCIA O REFERENCIA-CRUZADA-MENCIÓN DE SERIE--NOMBRE DE PERSONA/TÍTULO [LOCAL, CANADÁ]
ID del último usuario que modificó el registro 1
Nombre del último usuario que modificó el registro ALBERTO SANCHEZ Responsable de Automatización
Existencias
Visto por última vez Número de inventario Total de préstamos Signatura topográfica completa Código de barras Fecha del último préstamo Copia número Coste, precio de reemplazo Fecha de reemplazo Facultad Tipo de ítem Koha Nota pública Estado de pérdida Fuente del sistema de clasificación o colocación Restricciones de uso No para préstamo Colección Programa académico Biblioteca de origen Biblioteca actual Ubicación en estantería Fecha de adquisición Fuente de adquisición Coste, precio normal de compra
2025-12-02 8 11 532 W62 71071 2019-09-23 e1 77.05 2015-05-29 FIA Libros físicos inventario-2023-12-13 No Perdido Clasificación Decimal Dewey No restringido Disponible para préstamos Colección General Ingeniería civil Biblioteca CRAI UPeU Lima Biblioteca CRAI UPeU Lima Sala principal 2015-05-29 COMPRA 72.05
2025-12-02 8 6 532 W62 71072 2018-03-07 e2 77.05 2015-05-29 FIA Libros físicos inventario-2023-12-13 No Perdido Clasificación Decimal Dewey No restringido Disponible para préstamos Colección General Ingeniería civil Biblioteca CRAI UPeU Lima Biblioteca CRAI UPeU Lima Sala principal 2015-05-29 COMPRA 72.05